[Event "24th Klatovy A 2016"]
[Site "Klatovy CZE"]
[Date "2016.07.07"]
[Round "6.15"]
[White "Turner, Radek"]
[Black "Vorisek, Jaroslav"]
[Result "1/2-1/2"]
[WhiteElo "2077"]
[BlackElo "2171"]
[PlyCount "70"]
[EventDate "2016.07.02"]
[EventType "swiss"]
[EventRounds "9"]
[EventCountry "CZE"]

1. c4 f5 2. g3 Nf6 3. Bg2 g6 4. Nc3 Bg7 5. d3 O-O 6. e4 fxe4 7. dxe4 e5 8. Nge2 d6 9. O-O Be6 10. Nd5 Qd7 11. f3 a5 12. Be3 Na6 13. Qd2 b6 14. Rad1 Nc5 15. b3 Rf7 16. Nec3 Nxd5 17. cxd5 Bh3 18. Bxh3 Qxh3 19. Qg2 Qd7 20. Qe2 Qe7 21. Rc1 Raf8 22. Kg2 h6 23. h3 Kh7 24. Nb1 h5 25. Nd2 h4 26. g4 Bh6 27. a3 Qd8 28. Bxh6 Kxh6 29. Qe3+ Kg7 30. Rc3 b5 31. b4 axb4 32. axb4 Na4 33. Rc6 Nb6 34. Rc3 Na4 35. Rc6 Nb6 1/2-1/2

[Event "24th Klatovy A 2016"]
[Site "Klatovy CZE"]
[Date "2016.07.07"]
[Round "6.16"]
[White "Kuba, Stanislav"]
[Black "Dolansky, Lukas"]
[Result "0-1"]
[WhiteElo "2156"]
[BlackElo "2102"]
[PlyCount "70"]
[EventDate "2016.07.02"]
[EventType "swiss"]
[EventRounds "9"]
[EventCountry "CZE"]

1. d4 d5 2. Nf3 Bf5 3. g3 c6 4. Bg2 Nf6 5. Nh4 Qc8 6. Nxf5 Qxf5 7. O-O Nbd7 8. f3 e5 9. e4 dxe4 10. fxe4 Qg6 11. c3 Nxe4 12. Qe2 Nef6 13. dxe5 Bc5+ 14. Kh1 Ng4 15. Be4 Qe6 16. b4 Bb6 17. c4 h5 18. Bf5 Qxe5 19. Bxd7+ Kxd7 20. Rxf7+ Ke6 21. Qxe5+ Nxe5 22. Rf4 Nd3 23. c5 Nxf4 24. Bxf4 Bd8 25. Nc3 g5 26. Re1+ Kf5 27. Bd6 Bf6 28. Rf1+ Kg6 29. Ne4 Bg7 30. h4 g4 31. Ng5 Rhe8 32. Rd1 Rad8 33. Kg1 Bc3 34. Rd3 Re1+ 35. Kf2 Rde8 0-1

[Event "24th Klatovy A 2016"]
[Site "Klatovy CZE"]
[Date "2016.07.07"]
[Round "6.17"]
[White "Hajek, Jiri2"]
[Black "Kozak, Milos"]
[Result "1/2-1/2"]
[WhiteElo "1981"]
[BlackElo "2152"]
[PlyCount "42"]
[EventDate "2016.07.02"]
[EventType "swiss"]
[EventRounds "9"]
[EventCountry "CZE"]

1. e4 c6 2. d4 d5 3. exd5 cxd5 4. c4 Nf6 5. Nc3 Nc6 6. Nf3 Bg4 7. Be2 e6 8. O-O dxc4 9. Bxc4 Be7 10. d5 exd5 11. Nxd5 Nxd5 12. Qxd5 O-O 13. Be3 Qc7 14. Rac1 Be6 15. Qe4 Bxc4 16. Qxc4 Qa5 17. Qe2 Qa6 18. Nd4 Nxd4 19. Bxd4 Rfc8 20. Qe3 Bf6 21. Bxf6 Qxf6 1/2-1/2

[Event "24th Klatovy A 2016"]
[Site "Klatovy CZE"]
[Date "2016.07.07"]
[Round "6.18"]
[White "Simunek, Filip"]
[Black "Soural, Karel"]
[Result "1-0"]
[WhiteElo "2143"]
[BlackElo "2035"]
[PlyCount "89"]
[EventDate "2016.07.02"]
[EventType "swiss"]
[EventRounds "9"]
[EventCountry "CZE"]

1. d4 d5 2. c4 e6 3. Nc3 Nf6 4. cxd5 exd5 5. Bg5 c6 6. Qc2 Be7 7. e3 O-O 8. Bd3 h6 9. Bh4 Nbd7 10. Nge2 b6 11. O-O Bb7 12. f3 c5 13. Rad1 Re8 14. Qd2 a6 15. Bf2 Rc8 16. Bb1 Nf8 17. Ng3 cxd4 18. Qxd4 g6 19. Qd2 Qc7 20. Nge2 Bd6 21. Bg3 Bxg3 22. Nxg3 Qc5 23. Rfe1 b5 24. a3 Re7 25. Kh1 Rce8 26. e4 dxe4 27. Ngxe4 Nxe4 28. Bxe4 Bxe4 29. Rxe4 Rxe4 30. Nxe4 Qe5 31. Qd6 Qxd6 32. Rxd6 Re6 33. Rd1 Rc6 34. Kg1 Ne6 35. Nc3 Kg7 36. Kf2 a5 37. Ke3 b4 38. axb4 axb4 39. Nd5 Rd6 40. Rd2 b3 41. Nc3 Rb6 42. Rd5 Nc7 43. Rc5 Rb7 44. Kd3 Kf6 45. Rxc7 1-0

[Event "24th Klatovy A 2016"]
[Site "Klatovy CZE"]
[Date "2016.07.07"]
[Round "6.19"]
[White "Chmel, Kristian"]
[Black "Zilavy, Jan"]
[Result "1/2-1/2"]
[WhiteElo "2114"]
[BlackElo "2030"]
[PlyCount "70"]
[EventDate "2016.07.02"]
[EventType "swiss"]
[EventRounds "9"]
[EventCountry "CZE"]

1. e4 e6 2. d4 d5 3. e5 c5 4. c3 Nc6 5. Nf3 Qb6 6. a3 Nh6 7. b4 cxd4 8. cxd4 Nf5 9. Be3 Bd7 10. Bd3 Nxe3 11. fxe3 Rc8 12. O-O Be7 13. Nbd2 O-O 14. Qe1 f6 15. Qg3 fxe5 16. Nxe5 Nxe5 17. Qxe5 Rf6 18. Rac1 Rxc1 19. Rxc1 Bd6 20. Qg5 Bf4 21. exf4 Qxd4+ 22. Kh1 Qxd3 23. Nf3 Bc6 24. Qe5 Qxa3 25. Ra1 Qxb4 26. Rxa7 Qxf4 27. Ra8+ Kf7 28. Qh5+ Ke7 29. Qxh7 Qc1+ 30. Ng1 Rf1 31. Qxg7+ Kd6 32. Qd4 e5 33. Qb4+ Ke6 34. Qg4+ Kf7 35. Qh5+ Ke6 1/2-1/2

[Event "24th Klatovy A 2016"]
[Site "Klatovy CZE"]
[Date "2016.07.07"]
[Round "6.20"]
[White "Maly, Filip"]
[Black "Slovak, Kilian"]
[Result "0-1"]
[WhiteElo "1954"]
[BlackElo "2108"]
[PlyCount "74"]
[EventDate "2016.07.02"]
[EventType "swiss"]
[EventRounds "9"]
[EventCountry "CZE"]

1. e4 c5 2. f4 d5 3. exd5 Nf6 4. Bb5+ Nbd7 5. Nc3 a6 6. Bxd7+ Bxd7 7. Nf3 Bg4 8. O-O Nxd5 9. Ne4 e6 10. c4 Nb6 11. d4 Nxc4 12. b3 Nb6 13. Bb2 Nd5 14. h3 Bxf3 15. Qxf3 Be7 16. f5 O-O 17. dxc5 Qc7 18. Kh1 e5 19. f6 Nxf6 20. Ng3 g6 21. Rae1 Nd7 22. b4 a5 23. Qg4 Kh8 24. a3 axb4 25. axb4 f6 26. Rd1 f5 27. Qc4 Rad8 28. Rde1 Bf6 29. Qe2 e4 30. Bxf6+ Nxf6 31. Qf2 Rd3 32. Ne2 Nh5 33. g4 Rxh3+ 34. Kg1 Ng7 35. b5 Rf3 36. Qd4 Rxf1+ 37. Rxf1 Qd8 0-1

[Event "24th Klatovy A 2016"]
[Site "Klatovy CZE"]
[Date "2016.07.07"]
[Round "6.21"]
[White "Dungl, Petr"]
[Black "Jelinek, Michal"]
[Result "1/2-1/2"]
[WhiteElo "1902"]
[BlackElo "2176"]
[PlyCount "72"]
[EventDate "2016.07.02"]
[EventType "swiss"]
[EventRounds "9"]
[EventCountry "CZE"]

1. d4 Nf6 2. Bf4 e6 3. Nf3 d5 4. e3 c5 5. c3 Nc6 6. Nbd2 Bd6 7. Bg3 O-O 8. Bd3 Qe7 9. Bxd6 Qxd6 10. O-O e5 11. dxe5 Nxe5 12. Nxe5 Qxe5 13. Be2 Rd8 14. Re1 h6 15. Qc2 Be6 16. Nf3 Qd6 17. Rad1 Qb6 18. b3 Rac8 19. Qb1 Ne4 20. Qb2 Rc6 21. Nd2 Nf6 22. Nf3 Rcd6 23. Qc2 Bg4 24. h3 Bh5 25. Nd2 Bxe2 26. Rxe2 Ne4 27. Nxe4 dxe4 28. Red2 f5 29. c4 R8d7 30. Rxd6 Rxd6 31. Rxd6 Qxd6 32. g3 Kf7 33. Kf1 Ke6 34. Ke1 g5 35. Qc3 Qe5 36. Qd2 Qd6 1/2-1/2

[Event "24th Klatovy A 2016"]
[Site "Klatovy CZE"]
[Date "2016.07.07"]
[Round "6.22"]
[White "Dobias, Daniel"]
[Black "Parizek, Vojtech"]
[Result "0-1"]
[WhiteElo "1827"]
[BlackElo "2104"]
[PlyCount "92"]
[EventDate "2016.07.02"]
[EventType "swiss"]
[EventRounds "9"]
[EventCountry "CZE"]

1. e4 c5 2. f4 d5 3. exd5 Nf6 4. Bb5+ Bd7 5. Bxd7+ Qxd7 6. c4 e6 7. dxe6 fxe6 8. Nf3 Bd6 9. Ne5 Qc7 10. Qe2 Bxe5 11. Qxe5 Qxe5+ 12. fxe5 Nfd7 13. O-O Nxe5 14. b3 Nd3 15. Nc3 Nc6 16. Ne4 Nd4 17. Ba3 Nc2 18. Nxc5 Nxc5 19. Bxc5 Nxa1 20. Rxa1 b6 21. Bd4 O-O 22. Rf1 Rad8 23. Rxf8+ Kxf8 24. Be3 e5 25. c5 bxc5 26. Bxc5+ Kf7 27. Be3 Ke6 28. Kf2 Kd5 29. a4 a5 30. Bb6 Ra8 31. Bc7 Ra7 32. Bb6 Ra6 33. Bc7 g6 34. Ke2 Kc5 35. Bxe5 Kb4 36. d4 Kxb3 37. Kd3 Kxa4 38. Kc4 Rc6+ 39. Kd5 Kb5 40. Ke4 a4 41. d5 Ra6 42. Ba1 a3 43. Kd4 a2 44. Ke5 Kc5 45. Bd4+ Kc4 46. Ba1 Ra5 0-1

[Event "24th Klatovy A 2016"]
[Site "Klatovy CZE"]
[Date "2016.07.07"]
[Round "6.23"]
[White "Psaila, Clarence"]
[Black "Drahorad, Daniel"]
[Result "1/2-1/2"]
[WhiteElo "2080"]
[BlackElo "1970"]
[PlyCount "44"]
[EventDate "2016.07.02"]
[EventType "swiss"]
[EventRounds "9"]
[EventCountry "CZE"]

1. d4 Nf6 2. Nf3 d5 3. c4 c6 4. Qc2 g6 5. Bf4 Bf5 6. Qb3 Qb6 7. c5 Qxb3 8. axb3 Nbd7 9. Nc3 Bg7 10. h3 O-O 11. e3 Rfe8 12. Ne5 Nxe5 13. Bxe5 Nd7 14. Bxg7 Kxg7 15. Kd2 e5 16. Bd3 Bxd3 17. Kxd3 e4+ 18. Kc2 f5 19. g3 a6 20. h4 Nf6 21. Kd2 Kh6 22. b4 Rac8 1/2-1/2

[Event "24th Klatovy A 2016"]
[Site "Klatovy CZE"]
[Date "2016.07.07"]
[Round "6.24"]
[White "Gschwendtner, Stanislav"]
[Black "Stinka, Jakub"]
[Result "1/2-1/2"]
[WhiteElo "2058"]
[BlackElo "1916"]
[PlyCount "52"]
[EventDate "2016.07.02"]
[EventType "swiss"]
[EventRounds "9"]
[EventCountry "CZE"]

1. c4 g6 2. g3 Bg7 3. Bg2 Nf6 4. Nc3 O-O 5. e4 d6 6. d3 e5 7. Nge2 Nc6 8. O-O Nd7 9. f4 f5 10. exf5 gxf5 11. Be3 Nf6 12. h3 Be6 13. Nd5 Ne7 14. Nxf6+ Bxf6 15. Qd2 c6 16. Rac1 Ng6 17. d4 e4 18. d5 Bc8 19. Rfd1 c5 20. b4 b6 21. bxc5 bxc5 22. Nc3 a6 23. Rb1 Bd7 24. Rb3 Qc7 25. Rdb1 Rab8 26. Qb2 Rxb3 1/2-1/2

[Event "24th Klatovy A 2016"]
[Site "Klatovy CZE"]
[Date "2016.07.07"]
[Round "6.25"]
[White "Van Kempen, Roderick"]
[Black "Sysel, Jaroslav"]
[Result "1-0"]
[WhiteElo "2042"]
[BlackElo "1879"]
[PlyCount "27"]
[EventDate "2016.07.02"]
[EventType "swiss"]
[EventRounds "9"]
[EventCountry "CZE"]

1. e4 c5 2. c3 Nf6 3. e5 Nd5 4. Nf3 Nc6 5. d4 cxd4 6. cxd4 d6 7. Bc4 Nb6 8. Bb5 Nd7 9. exd6 exd6 10. O-O Be7 11. Re1 O-O 12. Be3 Nf6 13. h3 Nxd4 14. Nxd4 1-0

[Event "24th Klatovy A 2016"]
[Site "Klatovy CZE"]
[Date "2016.07.07"]
[Round "6.26"]
[White "Zizka, Petr"]
[Black "Oz, Ozan"]
[Result "1-0"]
[WhiteElo "2004"]
[BlackElo "1863"]
[PlyCount "105"]
[EventDate "2016.07.02"]
[EventType "swiss"]
[EventRounds "9"]
[EventCountry "CZE"]

1. b3 d5 2. Bb2 Bg4 3. Nf3 e6 4. Ne5 Bh5 5. g4 Bg6 6. e3 Nd7 7. Nxg6 hxg6 8. d3 Bd6 9. h3 e5 10. Bg2 c6 11. Nd2 Qa5 12. Qe2 Ne7 13. a3 g5 14. b4 Qc7 15. c4 dxc4 16. dxc4 c5 17. b5 Ng6 18. Be4 Nh4 19. Nf3 Nxf3+ 20. Qxf3 O-O-O 21. a4 Nf6 22. Bf5+ Kb8 23. a5 e4 24. b6 Qe7 25. bxa7+ Ka8 26. Qd1 Be5 27. Qb3 Bxb2 28. Qxb2 g6 29. a6 b6 30. Qxb6 gxf5 31. Rb1 Qd7 32. O-O Nd5 33. cxd5 fxg4 34. Qc6+ Qxc6 35. dxc6 Rc8 36. Rb6 gxh3 37. Rfb1 g4 38. c7 c4 39. Rb7 Rhe8 40. Rc1 Rg8 41. Kh2 f5 42. Rxc4 f4 43. Rb8+ Kxa7 44. Rxc8 g3+ 45. fxg3 fxg3+ 46. Kxh3 Rxc8 47. Rc6 Rg8 48. Kg2 Rf8 49. Kxg3 Rf3+ 50. Kg4 Rf8 51. Kg5 Rf1 52. Rc2 Rg1+ 53. Kf5 1-0

[Event "24th Klatovy A 2016"]
[Site "Klatovy CZE"]
[Date "2016.07.07"]
[Round "6.28"]
[White "Brunova, Blanka"]
[Black "Novy, Daniel"]
[Result "0-1"]
[WhiteElo "1880"]
[BlackElo "1987"]
[PlyCount "70"]
[EventDate "2016.07.02"]
[EventType "swiss"]
[EventRounds "9"]
[EventCountry "CZE"]

1. e4 c5 2. c3 d5 3. exd5 Qxd5 4. d4 e6 5. Nf3 Nf6 6. Na3 cxd4 7. cxd4 Bxa3 8. bxa3 Bd7 9. Rb1 Bc6 10. Bd3 O-O 11. O-O Nbd7 12. Re1 Rfe8 13. Bg5 h6 14. Bh4 Rac8 15. Re3 Qh5 16. Bg3 Nd5 17. Be2 Nxe3 18. fxe3 Qd5 19. Qf1 Qf5 20. Bf2 g5 21. Nd2 Nf6 22. Bd3 Ne4 23. Nf3 Bd5 24. Rb5 Rc3 25. h4 g4 26. Ne5 Rec8 27. Bxe4 Qxe4 28. Nd7 Qf5 29. e4 Qf4 30. exd5 Rc1 31. Be1 Qe3+ 32. Kh2 Rxe1 33. Nf6+ Kf8 34. Nxg4 Qc1 35. Qf6 Rh1+ 0-1

[Event "24th Klatovy A 2016"]
[Site "Klatovy CZE"]
[Date "2016.07.07"]
[Round "6.29"]
[White "Miesbauer, Jan"]
[Black "Van der Hoeven, Gerben"]
[Result "1-0"]
[WhiteElo "2321"]
[BlackElo "1968"]
[PlyCount "71"]
[EventDate "2016.07.02"]
[EventType "swiss"]
[EventRounds "9"]
[EventCountry "CZE"]

1. e4 c5 2. Nf3 d6 3. d4 cxd4 4. Nxd4 e5 5. Bb5+ Nd7 6. Nf5 a6 7. Ba4 b5 8. Bb3 Nc5 9. Bd5 Bxf5 10. exf5 Rc8 11. a3 Nf6 12. Nc3 Be7 13. O-O O-O 14. Be3 Rc7 15. Qf3 Qc8 16. Rad1 Re8 17. g4 Ncd7 18. Bb3 Rxc3 19. bxc3 e4 20. Qg2 Ne5 21. g5 Nfg4 22. Qxe4 Nxe3 23. Qxe3 Qxf5 24. f4 Ng4 25. Qd4 Bf6 26. Rde1 Rc8 27. Qd5 Qd7 28. Rf3 Rc5 29. Qa8+ Rc8 30. Qe4 h6 31. h3 hxg5 32. hxg4 Qxg4+ 33. Kh2 d5 34. Qxd5 Qh4+ 35. Kg2 g4 36. Qxf7+ 1-0

[Event "24th Klatovy A 2016"]
[Site "Klatovy CZE"]
[Date "2016.07.07"]
[Round "6.30"]
[White "Vanek, Petr"]
[Black "Lintner, Felix 1979"]
[Result "1-0"]
[WhiteElo "2112"]
[BlackElo "1826"]
[PlyCount "63"]
[EventDate "2016.07.02"]
[EventType "swiss"]
[EventRounds "9"]
[EventCountry "CZE"]

1. e4 c5 2. Nc3 Nc6 3. f4 g6 4. Nf3 Bg7 5. Bb5 Nd4 6. Nxd4 cxd4 7. Ne2 a6 8. Bd3 e5 9. O-O d5 10. fxe5 Bxe5 11. exd5 Qxd5 12. Nf4 Qd6 13. Qf3 Nf6 14. Bc4 Bg4 15. Qxb7 O-O 16. d3 Bd7 17. Qf3 Bc6 18. Qh3 Rab8 19. a3 Bd7 20. Qh4 Rfc8 21. b3 Bb5 22. Bd2 Bxc4 23. bxc4 Rb2 24. Bb4 Qc7 25. Rac1 a5 26. Bd2 Ra2 27. Ne2 Qd6 28. Bxa5 Rxa3 29. Bd2 Nh5 30. Nf4 Ng7 31. Nd5 Nf5 32. Rxf5 1-0

[Event "24th Klatovy A 2016"]
[Site "Klatovy CZE"]
[Date "2016.07.07"]
[Round "6.31"]
[White "Ruzicka, Ondrej"]
[Black "Mueller, Michael3"]
[Result "1/2-1/2"]
[WhiteElo "1863"]
[BlackElo "2102"]
[PlyCount "67"]
[EventDate "2016.07.02"]
[EventType "swiss"]
[EventRounds "9"]
[EventCountry "CZE"]

1. e4 d6 2. d4 e5 3. Nf3 exd4 4. Nxd4 Nf6 5. Nc3 Be7 6. Bc4 O-O 7. O-O c6 8. a4 Nxe4 9. Bxf7+ Rxf7 10. Nxe4 d5 11. Ng3 c5 12. Nde2 Nc6 13. b3 Bf6 14. Rb1 g6 15. c4 d4 16. Ne4 Be7 17. Nf4 Bf5 18. f3 Bd6 19. Rb2 Nb4 20. Nxd6 Qxd6 21. g4 Bd7 22. Nd3 Nxd3 23. Qxd3 Bc6 24. Bh6 Re8 25. Rbf2 Re5 26. Bc1 Qe6 27. Bd2 Re3 28. Bxe3 dxe3 29. Rg2 Rxf3 30. Qd8+ Kf7 31. Qc7+ Ke8 32. Qb8+ Ke7 33. Qc7+ Ke8 34. Qb8+ 1/2-1/2

[Event "24th Klatovy A 2016"]
[Site "Klatovy CZE"]
[Date "2016.07.07"]
[Round "6.32"]
[White "Holy, Filip"]
[Black "Gumustas, Ilgaz"]
[Result "1-0"]
[WhiteElo "1977"]
[BlackElo "1797"]
[PlyCount "101"]
[EventDate "2016.07.02"]
[EventType "swiss"]
[EventRounds "9"]
[EventCountry "CZE"]

1. e4 d6 2. d4 Nf6 3. Nc3 g6 4. f4 Bg7 5. Nf3 O-O 6. Bd3 Nc6 7. e5 dxe5 8. fxe5 Nh5 9. Be3 Bg4 10. Be2 f6 11. exf6 exf6 12. O-O Qe7 13. Qd2 Rad8 14. h3 Be6 15. Rfe1 Ng3 16. Bb5 Nf5 17. Bf2 Qf7 18. d5 Bc8 19. Bc5 Rfe8 20. Rxe8+ Qxe8 21. Qf4 Bh6 22. Qxc7 Be3+ 23. Bxe3 Qxe3+ 24. Kh2 Qe7 25. Qxe7 Ncxe7 26. Re1 Kf7 27. g4 Nd6 28. Ba4 Bd7 29. Bb3 Nec8 30. Ne4 Re8 31. Nxd6+ Nxd6 32. Rxe8 Bxe8 33. Kg3 h6 34. Kf4 g5+ 35. Ke3 Bb5 36. Nh2 Kg6 37. Kd4 Be2 38. c4 b6 39. Bc2+ Kf7 40. b3 Ke7 41. Ke3 Bxc4 42. bxc4 Nxc4+ 43. Kd4 Na3 44. Bd3 Kd6 45. Nf1 b5 46. Ne3 a5 47. Nf5+ Kd7 48. Kc3 b4+ 49. Kb3 Kc7 50. Ka4 Kb6 51. d6 1-0

[Event "24th Klatovy A 2016"]
[Site "Klatovy CZE"]
[Date "2016.07.07"]
[Round "6.33"]
[White "Neuman Zakoucka, Adela 1987"]
[Black "Molkanov, Oleg 2001"]
[Result "1-0"]
[WhiteElo "1969"]
[BlackElo "1860"]
[PlyCount "51"]
[EventDate "2016.07.02"]
[EventType "swiss"]
[EventRounds "9"]
[EventCountry "CZE"]

1. e4 c5 2. Nc3 d6 3. f4 g6 4. Nf3 Bg7 5. Bc4 Nf6 6. O-O O-O 7. d3 Nc6 8. Qe1 Na5 9. Bb3 Nxb3 10. axb3 e6 11. Ne2 b5 12. Ng3 Qc7 13. f5 exf5 14. exf5 Bd7 15. Bg5 Rfe8 16. Qd2 c4 17. dxc4 Qc5+ 18. Kh1 Bxf5 19. Nxf5 Qxf5 20. Nd4 Ne4 21. Nxf5 Nxd2 22. Nxg7 Re2 23. Rfe1 Nxb3 24. cxb3 Rxe1+ 25. Rxe1 Kxg7 26. Be7 1-0

[Event "24th Klatovy A 2016"]
[Site "Klatovy CZE"]
[Date "2016.07.07"]
[Round "6.34"]
[White "Cecil, Pavel"]
[Black "Hlavac, Rudolf"]
[Result "1/2-1/2"]
[WhiteElo "1929"]
[BlackElo "1983"]
[PlyCount "35"]
[EventDate "2016.07.02"]
[EventType "swiss"]
[EventRounds "9"]
[EventCountry "CZE"]

1. d4 Nf6 2. c4 g6 3. Nc3 d5 4. Nf3 Bg7 5. Bf4 O-O 6. Rc1 c5 7. dxc5 Be6 8. Nd4 Nc6 9. Nxe6 fxe6 10. e3 Qa5 11. Be2 e5 12. cxd5 exf4 13. dxc6 bxc6 14. Qa4 Qxa4 15. Nxa4 fxe3 16. fxe3 Bh6 17. Rc3 Rad8 18. Bc4+ 1/2-1/2

[Event "24th Klatovy A 2016"]
[Site "Klatovy CZE"]
[Date "2016.07.07"]
[Round "6.35"]
[White "Kovar, Petr"]
[Black "Kaderabek, Jiri"]
[Result "0-1"]
[WhiteElo "1915"]
[BlackElo "2125"]
[PlyCount "76"]
[EventDate "2016.07.02"]
[EventType "swiss"]
[EventRounds "9"]
[EventCountry "CZE"]

1. c4 e5 2. Nc3 Nf6 3. g3 d5 4. cxd5 Nxd5 5. Bg2 Nb6 6. Nf3 Nc6 7. O-O Be7 8. d3 O-O 9. Be3 Be6 10. Na4 Nxa4 11. Qxa4 f6 12. d4 e4 13. Nd2 f5 14. Nb3 Qd5 15. Nc5 Bxc5 16. dxc5 Qc4 17. Qxc4 Bxc4 18. Rfe1 Nb4 19. a3 Nc2 20. Rac1 Nxe1 21. Rxc4 Rad8 22. Bh3 Rd1 23. Rc1 Nf3+ 24. Kg2 Rxc1 25. Bxc1 Nd4 26. Kf1 g6 27. Be3 Rd8 28. g4 Kf7 29. Bxd4 Rxd4 30. gxf5 g5 31. e3 Rc4 32. Bg2 Kf6 33. b3 Rc1+ 34. Ke2 Kxf5 35. f3 Rc2+ 36. Kf1 Rxc5 37. fxe4+ Ke5 38. Ke2 Rc3 0-1

[Event "24th Klatovy A 2016"]
[Site "Klatovy CZE"]
[Date "2016.07.07"]
[Round "6.36"]
[White "Bottema, Timo"]
[Black "Danek, Vaclav"]
[Result "0-1"]
[WhiteElo "2065"]
[BlackElo "1921"]
[PlyCount "84"]
[EventDate "2016.07.02"]
[EventType "swiss"]
[EventRounds "9"]
[EventCountry "CZE"]

1. e4 e5 2. Nf3 Nc6 3. Bc4 Be7 4. d4 d6 5. dxe5 Nxe5 6. Nxe5 dxe5 7. Qh5 g6 8. Qxe5 Nf6 9. Bh6 Rg8 10. Bf4 Qd6 11. Qxd6 cxd6 12. Nc3 Be6 13. Bb5+ Bd7 14. O-O-O a6 15. Bxd7+ Kxd7 16. e5 Ne8 17. exd6 Bd8 18. Ne4 Rc8 19. Rd5 Rc4 20. Re1 f5 21. Nc5+ Kc6 22. d7 Ng7 23. Rde5 Rxf4 24. Re8 Nxe8 25. Rxe8 Rd4 26. b4 Bg5+ 27. f4 Rxf4 28. Rc8+ Kb5 29. a4+ Kb6 30. Kb2 Rd8 31. a5+ Ka7 32. Kc3 Bf6+ 33. Kb3 Rd4 34. Rc7 Be7 35. c3 Rd1 36. Kc2 Rd5 37. c4 Bxc5 38. cxd5 Bxb4 39. Kb3 Bxa5 40. d6 Kb8 41. Rc5 Bb6 42. Re5 Rxd7 0-1

[Event "24th Klatovy A 2016"]
[Site "Klatovy CZE"]
[Date "2016.07.07"]
[Round "6.37"]
[White "Cekan, Petr1"]
[Black "Lhotsky, Zdenek"]
[Result "1/2-1/2"]
[WhiteElo "1993"]
[BlackElo "1853"]
[PlyCount "53"]
[EventDate "2016.07.02"]
[EventType "swiss"]
[EventRounds "9"]
[EventCountry "CZE"]

1. e4 c5 2. Nc3 e6 3. g4 Nc6 4. Bg2 g6 5. d3 Bg7 6. Be3 b6 7. f4 Nge7 8. e5 d5 9. exd6 Bxc3+ 10. bxc3 Nd5 11. Nh3 Nxe3 12. Bxc6+ Bd7 13. Bxd7+ Kxd7 14. Qe2 Qh4+ 15. Nf2 Ng2+ 16. Kd2 Nxf4 17. Qf3 e5 18. Rae1 Kxd6 19. Ne4+ Kc7 20. Ng3 Rhe8 21. Rxe5 Rxe5 22. Qxa8 Qg5 23. Qxa7+ Kc6 24. Qa8+ Kc7 25. Qa7+ Kc6 26. Qa8+ Kc7 27. Qa7+ 1/2-1/2

[Event "24th Klatovy A 2016"]
[Site "Klatovy CZE"]
[Date "2016.07.07"]
[Round "6.38"]
[White "Kotal, Vaclav"]
[Black "Lacina, Filip"]
[Result "1-0"]
[WhiteElo "1886"]
[BlackElo "1981"]
[PlyCount "65"]
[EventDate "2016.07.02"]
[EventType "swiss"]
[EventRounds "9"]
[EventCountry "CZE"]

1. e4 c5 2. Nf3 e6 3. d4 cxd4 4. Nxd4 a6 5. Nc3 Qc7 6. Bd3 Bc5 7. Nb3 Be7 8. O-O Nf6 9. Qe2 d6 10. f4 Nbd7 11. Bd2 b6 12. Rae1 Bb7 13. e5 Nd5 14. exd6 Bxd6 15. Nxd5 Bxd5 16. c4 Bb7 17. Kh1 O-O-O 18. c5 bxc5 19. Ba5 Nb6 20. Nd2 Bd5 21. Bxa6+ Kb8 22. Nc4 Bxc4 23. Bxc4 Qa7 24. Bxb6 Qxb6 25. Rf3 Kc7 26. f5 f6 27. fxe6 Be5 28. Rb3 Qd6 29. Qe4 Rb8 30. Ra3 Rb7 31. Ra6 Qd2 32. e7 Qd7 33. Bd5 1-0

[Event "24th Klatovy A 2016"]
[Site "Klatovy CZE"]
[Date "2016.07.07"]
[Round "6.39"]
[White "Sibl, Vaclav"]
[Black "Spicka, Jan"]
[Result "1/2-1/2"]
[WhiteElo "1970"]
[BlackElo "1833"]
[PlyCount "20"]
[EventDate "2016.07.02"]
[EventType "swiss"]
[EventRounds "9"]
[EventCountry "CZE"]

1. e4 c5 2. f4 d6 3. Nf3 Nc6 4. Bb5 Bd7 5. O-O g6 6. d3 Bg7 7. c3 Nf6 8. Na3 O-O 9. Qe1 e6 10. Kh1 Rc8 1/2-1/2

[Event "24th Klatovy A 2016"]
[Site "Klatovy CZE"]
[Date "2016.07.07"]
[Round "6.40"]
[White "Kunc, Jan"]
[Black "Novotny, Jaroslav2"]
[Result "1/2-1/2"]
[WhiteElo "1798"]
[BlackElo "1953"]
[PlyCount "120"]
[EventDate "2016.07.02"]
[EventType "swiss"]
[EventRounds "9"]
[EventCountry "CZE"]

1. e4 c5 2. Nf3 d6 3. d4 cxd4 4. Nxd4 Nf6 5. Nc3 a6 6. Bc4 e6 7. Bb3 Be7 8. O-O O-O 9. f4 Qc7 10. f5 e5 11. Nf3 b5 12. Kh1 Bb7 13. Nd5 Nxd5 14. Bxd5 Nd7 15. Bxb7 Qxb7 16. Re1 h6 17. c3 Nf6 18. Qe2 Rfc8 19. Nd2 a5 20. Nf1 Rc4 21. Ng3 Rd8 22. Bd2 d5 23. exd5 Rxd5 24. b3 Rc8 25. c4 bxc4 26. bxc4 Rdc5 27. Rab1 Qc6 28. Rb5 Rxc4 29. Rxe5 Bb4 30. Bxb4 axb4 31. Nh5 Rc2 32. Nxf6+ Qxf6 33. Qb5 Kh7 34. h3 Rxa2 35. Qxb4 Rcc2 36. Qg4 Rxg2 37. Qxg2 Rxg2 38. Kxg2 Qg5+ 39. Kh2 Qf4+ 40. Kg2 f6 41. Re7 Qxf5 42. R1e4 h5 43. Kg3 Qg5+ 44. Kf3 f5 45. Re3 f4 46. Re2 Qg3+ 47. Ke4 Qxh3 48. Kxf4 Qg4+ 49. Ke3 h4 50. Kf2 Qg3+ 51. Kf1 Qf4+ 52. Kg2 Kh6 53. R2e3 g5 54. R3e6+ Kh5 55. Re5 Kg6 56. Re4 Qf5 57. R4e6+ Kh5 58. Re5 Qc2+ 59. Kh3 Qb1 60. Kh2 Qf1 1/2-1/2

[Event "24th Klatovy A 2016"]
[Site "Klatovy CZE"]
[Date "2016.07.07"]
[Round "6.41"]
[White "Kostelecky, Daniel"]
[Black "Vevera, Radek"]
[Result "0-1"]
[WhiteElo "1862"]
[BlackElo "2000"]
[PlyCount "58"]
[EventDate "2016.07.02"]
[EventType "swiss"]
[EventRounds "9"]
[EventCountry "CZE"]

1. e4 c6 2. d4 d5 3. Nc3 dxe4 4. Nxe4 Bf5 5. Ng3 Bg6 6. Bf4 Nd7 7. c3 Ngf6 8. h4 h6 9. h5 Bh7 10. Bd3 Bxd3 11. Qxd3 Nd5 12. Bd2 e6 13. Ne4 f5 14. Ng3 Bd6 15. O-O-O O-O 16. N3e2 b5 17. Nh3 Qc7 18. g3 N7f6 19. Nhf4 Rfe8 20. f3 a5 21. Nxd5 cxd5 22. g4 fxg4 23. fxg4 Ne4 24. Be3 a4 25. Kb1 a3 26. b3 Rac8 27. Rc1 Rf8 28. Rhf1 Be7 29. Rxf8+ Rxf8 0-1

[Event "24th Klatovy A 2016"]
[Site "Klatovy CZE"]
[Date "2016.07.07"]
[Round "6.42"]
[White "Richter, Martin1"]
[Black "Hacaperka, Michal"]
[Result "1/2-1/2"]
[WhiteElo "1966"]
[BlackElo "1887"]
[PlyCount "84"]
[EventDate "2016.07.02"]
[EventType "swiss"]
[EventRounds "9"]
[EventCountry "CZE"]

1. e4 c5 2. Nc3 Nc6 3. f4 g6 4. Nf3 Bg7 5. Bb5 Nd4 6. Bc4 e6 7. e5 d5 8. Nxd4 cxd4 9. Bb5+ Bd7 10. Bxd7+ Qxd7 11. Ne2 d3 12. cxd3 Ne7 13. Nd4 O-O 14. Nf3 Rac8 15. d4 Rc7 16. d3 Rfc8 17. Bd2 h5 18. Bc3 Nf5 19. Qe2 Bh6 20. g3 Bf8 21. Kf2 Be7 22. Rhc1 Rc6 23. Qe1 Qc7 24. Bd2 Qb6 25. Rxc6 Rxc6 26. Bc3 Qb5 27. Qd2 Qa4 28. b3 Qa6 29. a3 Qb6 30. b4 a5 31. Rb1 Qc7 32. Rb3 a4 33. b5 axb3 34. bxc6 Bxa3 35. cxb7 Qxb7 36. Bb2 Qa7 37. Bc3 Qb6 38. Bb2 Bxb2 39. Qxb2 Qb4 40. Ke2 Qa4 41. Kd2 Qb4+ 42. Ke2 Qa4 1/2-1/2